[Event "Cambridge op"]
[Site "Cambridge"]
[Date "2023.02.18"]
[Round "7"]
[White "Walker, Heather Enid"]
[Black "Sellen, John"]
[Result "1/2-1/2"]
[WhiteElo "1280"]
[BlackElo "1547"]
[PlyCount "62"]
[EventDate "2023.02.15"]
[EventType "swiss"]
[EventRounds "9"]
[EventCountry "ENG"]
[SourceTitle "CBM 212 Extra"]
[Source "ChessBase"]
[SourceDate "2023.03.31"]
[SourceVersion "1"]
[SourceVersionDate "2023.03.31"]
[SourceQuality "1"]

1. e4 c5 2. Nf3 Nc6 3. Bb5 d6 4. 0-0 Bd7 5. c3 a6 6. Be2 Nf6 7. d3 g6 8. Re1 Bg7 9. Nbd2 0-0 10. Nf1 Qc7 11. Ng3 b5 12. d4 cxd4 13. cxd4 Rfe8 14. Bd2 Qb6 15. Be3 Qb7 16. d5 Na5 17. Rc1 Rec8 18. Qd3 Nc4 19. Bd4 Ng4 20. Bxg7 Kxg7 21. Qd4+ Kg8 22. Bxc4 bxc4 23. h3 Nf6 24. Re2 Bb5 25. Rec2 Nd7 26. b3 cxb3 27. Rxc8+ Rxc8 28. Rxc8+ Qxc8 29. axb3 Qc1+ 30. Kh2 Qc2 31. b4 Qc4 1/2-1/2

[Event "BCF-ch 103rd U160/1900"]
[Site "Bournemouth"]
[Date "2016.08.04"]
[Round "4"]
[White "Sellen, John"]
[Black "Kirkwood, Robin"]
[Result "1-0"]
[WhiteElo "1494"]
[BlackElo "1646"]
[PlyCount "51"]
[EventDate "2016.08.01"]
[EventType "swiss"]
[EventRounds "5"]
[EventCountry "ENG"]
[SourceTitle "EXT 2019"]
[Source "ChessBase"]
[SourceDate "2018.10.10"]
[SourceVersion "1"]
[SourceVersionDate "2018.10.10"]
[SourceQuality "1"]

1. f4 Nf6 2. Nf3 c5 3. e3 a6 4. Be2 d5 5. d4 e6 6. c3 Nc6 7. Bd3 Be7 8. 0-0 0-0 9. Nbd2 b5 10. Ne5 Bb7 11. Qe2 cxd4 12. exd4 Qb6 13. b4 Nxd4 14. Qf2 Rac8 15. Qxd4 Qxd4+ 16. cxd4 Bxb4 17. Nb3 Bc3 18. Rb1 b4 19. Bb2 Ne4 20. Bxe4 dxe4 21. Nc5 Bd5 22. Bxc3 bxc3 23. Rbc1 Bxa2 24. Rxc3 Rfd8 25. Rd1 h5 26. Nxe4 1-0

[Event "BCF-ch Seniors 50 U150 /1750"]
[Site "Bournemouth"]
[Date "2016.07.28"]
[Round "4"]
[White "Sellen, John"]
[Black "Illingworth, John B"]
[Result "0-1"]
[WhiteElo "1494"]
[BlackElo "1687"]
[PlyCount "86"]
[EventDate "2016.07.25"]
[EventType "swiss"]
[EventRounds "5"]
[EventCountry "ENG"]
[SourceTitle "EXT 2019"]
[Source "ChessBase"]
[SourceDate "2018.10.10"]
[SourceVersion "1"]
[SourceVersionDate "2018.10.10"]
[SourceQuality "1"]

1. f4 d5 2. Nf3 g6 3. e3 Bg7 4. d4 c5 5. c3 Nd7 6. Bd3 e6 7. 0-0 Ngf6 8. Nbd2 b6 9. Qe2 Bb7 10. Ne5 a6 11. b3 Ne4 12. Bb2 0-0 13. c4 f6 14. Nef3 Qc7 15. Rac1 Rfe8 16. Qe1 f5 17. Ne5 Nxe5 18. fxe5 Qe7 19. Nf3 Bh6 20. Rc2 Kh8 21. Kh1 g5 22. Bxe4 dxe4 23. Ng1 Rg8 24. g4 f4 25. Nh3 Rad8 26. Nf2 cxd4 27. Bxd4 Rxd4 28. exd4 e3+ 29. Kg1 Qe8 30. Nd1 Qg6 31. Nxe3 Qe4 32. Qe2 Qh1+ 33. Kf2 Qxh2+ 34. Ke1 Qg3+ 35. Kd2 fxe3+ 36. Qxe3 Rf8 37. Rxf8+ Bxf8 38. Qxg5 Bb4+ 39. Kc1 Ba3+ 40. Kb1 Qe3 41. Rc1 Be4+ 42. Ka1 Qxc1+ 43. Qxc1 Bxc1 0-1

[Event "BCF-ch Seniors 50 U150 /1750"]
[Site "Bournemouth"]
[Date "2016.07.27"]
[Round "3"]
[White "Gunn, Michael J"]
[Black "Sellen, John"]
[Result "1/2-1/2"]
[WhiteElo "1647"]
[BlackElo "1494"]
[PlyCount "50"]
[EventDate "2016.07.25"]
[EventType "swiss"]
[EventRounds "5"]
[EventCountry "ENG"]
[SourceTitle "EXT 2019"]
[Source "ChessBase"]
[SourceDate "2018.10.10"]
[SourceVersion "1"]
[SourceVersionDate "2018.10.10"]
[SourceQuality "1"]

1. c4 f5 2. d4 Nf6 3. g3 e6 4. Bg2 d5 5. Nc3 c6 6. cxd5 exd5 7. Nf3 Bd6 8. Bg5 0-0 9. 0-0 Nbd7 10. Qc1 Qe8 11. Bf4 Qe7 12. Bxd6 Qxd6 13. e3 Ne4 14. Nd2 Ndf6 15. Ncxe4 fxe4 16. f3 exf3 17. Nxf3 Bf5 18. Ne5 Be4 19. Qd2 Bxg2 20. Qxg2 Qb4 21. a3 Qb3 22. Rf3 Ne4 23. Qe2 Rxf3 24. Nxf3 Rf8 25. Kg2 Qb6 1/2-1/2

[Event "Crawley e2e4 Gatwick op U1850"]
[Site "Crawley"]
[Date "2016.05.28"]
[Round "3"]
[White "Chadwick, Susan E"]
[Black "Sellen, John"]
[Result "1/2-1/2"]
[WhiteElo "1436"]
[BlackElo "1516"]
[PlyCount "68"]
[EventDate "2016.05.27"]
[EventType "swiss"]
[EventRounds "7"]
[EventCountry "ENG"]
[SourceTitle "EXT 2019"]
[Source "ChessBase"]
[SourceDate "2018.10.10"]
[SourceVersion "1"]
[SourceVersionDate "2018.10.10"]
[SourceQuality "1"]

1. d4 f5 2. c4 e6 3. Nc3 Nf6 4. Nf3 d5 5. b3 c6 6. g3 Bd6 7. Bg2 0-0 8. 0-0 Nbd7 9. cxd5 exd5 10. Bb2 Qe8 11. e3 Ne4 12. Rc1 Ndf6 13. Nxe4 fxe4 14. Ne5 Nd7 15. f4 exf3 16. Rxf3 Rxf3 17. Qxf3 Nxe5 18. dxe5 Bxe5 19. Ba3 Bf6 20. Rf1 Be7 21. Bb2 Bc5 22. Bd4 Bxd4 23. exd4 Bd7 24. b4 Qe7 25. b5 Re8 26. a4 Qe3+ 27. Qxe3 Rxe3 28. bxc6 Bxc6 29. Rf5 Ra3 30. Bxd5+ Bxd5 31. Rxd5 Rxa4 32. Rd8+ Kf7 33. Rd7+ Kf6 34. Rxb7 Rxd4 1/2-1/2

[Event "London CSC op U2000 7th"]
[Site "London"]
[Date "2015.12.09"]
[Round "3"]
[White "Sellen, John"]
[Black "Sorensen, Bernhard"]
[Result "0-1"]
[WhiteElo "1540"]
[BlackElo "1677"]
[PlyCount "92"]
[EventDate "2015.12.07"]
[EventType "swiss"]
[EventRounds "9"]
[EventCountry "ENG"]
[SourceTitle "CBM 170 Extra"]
[Source "ChessBase"]
[SourceDate "2016.02.25"]
[SourceVersion "1"]
[SourceVersionDate "2016.02.25"]
[SourceQuality "1"]

1. f4 d5 2. e3 Bf5 3. Nf3 e6 4. d4 Nf6 5. Bd3 Bg6 6. Qe2 Ne4 7. 0-0 f5 8. Ne5 Nd7 9. Nd2 Nxe5 10. fxe5 Qg5 11. Bxe4 fxe4 12. Nb3 c6 13. Bd2 Bh5 14. Qf2 Be7 15. Qf4 Qg6 16. Qg3 Qxg3 17. hxg3 b6 18. Rf2 Kd7 19. Rc1 Raf8 20. Rxf8 Rxf8 21. c4 Be2 22. cxd5 cxd5 23. Na1 Bc4 24. a3 Rc8 25. Nc2 Bd3 26. Ne1 Rxc1 27. Bxc1 Bc4 28. Nc2 Kc6 29. Na1 a5 30. Kf2 a4 31. Nc2 Kb5 32. Bd2 Bd3 33. Nb4 Bc4 34. Bc3 Bb3 35. Bd2 Bc4 36. Bc3 Bb3 37. Bd2 Bd1 38. Ke1 Bh5 39. Bc3 Be8 40. Ke2 Kc4 41. Kd2 Kb3 42. Nc2 Bb5 43. Ne1 Bc4 44. Nc2 b5 45. Kc1 Bf1 46. Ne1 Bxa3 0-1

[Event "Gatwick e2e4 op U1950"]
[Site "Crawley"]
[Date "2013.11.03"]
[Round "5"]
[White "Purvis, Anna"]
[Black "Sellen, John"]
[Result "1/2-1/2"]
[WhiteElo "1509"]
[BlackElo "1703"]
[PlyCount "78"]
[EventDate "2013.11.01"]
[EventType "swiss"]
[EventRounds "5"]
[EventCountry "ENG"]
[SourceTitle "EXT 2015"]
[Source "ChessBase"]
[SourceDate "2014.11.20"]
[SourceVersion "1"]
[SourceVersionDate "2014.11.20"]
[SourceQuality "1"]

1. d4 f5 2. c4 Nf6 3. Nc3 e6 4. Nf3 d5 5. Bg5 c6 6. e3 Bd6 7. Ne5 0-0 8. a3 Qe8 9. Bxf6 Rxf6 10. Nf3 Nd7 11. c5 Bc7 12. Rc1 e5 13. dxe5 Nxe5 14. Nxe5 Qxe5 15. Qd4 Qe7 16. b4 Be5 17. Qd2 b5 18. Be2 Bd7 19. 0-0 Rh6 20. g3 Qf6 21. f4 Bxc3 22. Qxc3 Qe7 23. Rce1 Re8 24. Rf3 Qe4 25. Qd3 Qe7 26. Bd1 Qf7 27. Rff1 Rhe6 28. Rf2 g6 29. Bf3 Ra8 30. Qc3 Qg7 31. Qxg7+ Kxg7 32. a4 a6 33. Kf1 Ree8 34. a5 Re6 35. h4 Rae8 36. Rfe2 Kf6 37. Kf2 h5 38. Kf1 Rd8 39. Rd1 Rde8 1/2-1/2

[Event "Gatwick e2e4 op U1950"]
[Site "Crawley"]
[Date "2013.11.02"]
[Round "3"]
[White "Giambrone, Salvatore"]
[Black "Sellen, John"]
[Result "1-0"]
[WhiteElo "1824"]
[BlackElo "1703"]
[PlyCount "57"]
[EventDate "2013.11.01"]
[EventType "swiss"]
[EventRounds "5"]
[EventCountry "ENG"]
[SourceTitle "EXT 2015"]
[Source "ChessBase"]
[SourceDate "2014.11.20"]
[SourceVersion "1"]
[SourceVersionDate "2014.11.20"]
[SourceQuality "1"]

1. d4 f5 2. Nf3 Nf6 3. g3 e6 4. Bg2 d5 5. 0-0 c6 6. b3 Bd6 7. c4 0-0 8. Qc2 Qe8 9. Nc3 Ne4 10. Nxe4 fxe4 11. Ne5 Nd7 12. Bb2 Qh5 13. Qc3 Nf6 14. e3 Ng4 15. h3 Nf6 16. Kh2 Qe8 17. f3 exf3 18. Bxf3 Qe7 19. Qd3 Bd7 20. e4 Be8 21. exd5 exd5 22. Rae1 Bxe5 23. dxe5 Bg6 24. Qd4 Nh5 25. cxd5 cxd5 26. Qxd5+ Bf7 27. e6 Bg6 28. Bxh5 Bxh5 29. Qxh5 1-0